Alle Gemeinden Österreichs mit "S" - Statistiken

Allgemein
  • Dieses Quiz wurde 18 mal gespielt
  • Das Durchschnittsergebnis liegt bei 62 aus 343
Antwortstatistiken
BundeslandSteiermark Einwohner Gemeinde % Korrekt
Salzburg 154.211 Salzburg
88%
Niederösterreich 55.044 St. Pölten
81%
Tirol 1.263 See
75%
Kärnten 15.365 Spittal an der Drau
63%
Oberösterreich 38.193 Steyr
63%
Burgenland 1.228 Stinatz
63%
Tirol 13.618 Schwaz
56%
Vorarlberg 2.582 Sulz
56%
Salzburg 2.819 Saalbach-Hinterglemm
50%
Salzburg 16.820 Saalfelden am Steinernen Meer
50%
Oberösterreich 5.220 Schärding
50%
Niederösterreich 18.564 Schwechat
50%
Niederösterreich 1.450 Seebenstein
50%
Salzburg 10.884 Seekirchen am Wallersee
50%
Niederösterreich 536 Semmering
50%
Steiermark 4.263 Sinabelkirchen
50%
Niederösterreich 1.111 St. Martin (Bz. Gmünd)
50%
Niederösterreich 4.132 Scheibbs
44%
Oberösterreich 4.390 Schwanenstadt
44%
Oberösterreich 6.185 St. Florian (Bz. Linz-Land)
44%
Niederösterreich 17.010 Stockerau
44%
Niederösterreich 5.194 St. Peter in der Au
44%
Salzburg 7.570 Straßwalchen
44%
Kärnten 12.557 St. Veit an der Glan
44%
Steiermark 6.656 Schladming
38%
Niederösterreich 5.398 Schrems
38%
Oberösterreich 9.329 Sierning
38%
Tirol 3.688 Söll
38%
Niederösterreich 5.147 Sollenau
38%
Niederösterreich 1.034 Sooß
38%
Steiermark 5.387 Spielberg
38%
Steiermark 8.637 Stainz
38%
Kärnten 9.922 St. Andrä (Bz. Wolfsberg)
38%
Tirol 2.358 St. Anton am Arlberg
38%
Steiermark 6.586 St. Barbara im Mürztal
38%
Salzburg 11.017 St. Johann im Pongau
38%
Oberösterreich 779 St. Nikola an der Donau
38%
Kärnten 3.271 St. Paul im Lavanttal
38%
Niederösterreich 10.392 Strasshof an der Nordbahn
38%
Kärnten 1.540 St. Urban
38%
Oberösterreich 2.757 St. Wolfgang im Salzkammergut
38%
Vorarlberg 3.868 Schruns
31%
Niederösterreich 927 Schwarzenbach (Bz. Wr. Neustadt)
31%
Oberösterreich 5.635 Seewalchen am Attersee
31%
Niederösterreich 1.499 Seibersdorf
31%
Burgenland 3.027 Siegendorf
31%
Tirol 3.119 Sölden
31%
Niederösterreich 1.860 St. Aegyd am Neuwalde
31%
Steiermark 2.845 Stainach-Pürgg
31%
Steiermark 2.342 St. Anna am Aigen
31%
Niederösterreich 1.979 St. Egyden am Steinfeld
31%
Kärnten 3.730 Steindorf am Ossiacher See
31%
Kärnten 2.020 Steinfeld
31%
Salzburg 3.928 St. Gilgen
31%
Tirol 9.477 St. Johann in Tirol
31%
Kärnten 4.452 St. Kanzian am Klopeiner See
31%
Oberösterreich 2.516 St. Lorenz
31%
Burgenland 1.395 Stoob
31%
Steiermark 3.956 St. Stefan im Rosental
31%
Niederösterreich 9.314 St. Valentin
31%
Burgenland 2.395 Schattendorf
25%
Steiermark 2.113 Scheifling
25%
Niederösterreich 1.505 Schwarzenau
25%
Oberösterreich 5.277 Schwertberg
25%
Tirol 3.430 Seefeld in Tirol
25%
Steiermark 11.216 Seiersberg-Pirka
25%
Tirol 1.125 Serfaus
25%
Burgenland 1.241 Sieggraben
25%
Niederösterreich 7.542 Sieghartskirchen
25%
Tirol 2.564 Silz
25%
Vorarlberg 655 Sonntag
25%
Niederösterreich 2.324 Spillern
25%
Niederösterreich 1.582 Spitz
25%
Niederösterreich 1.935 Staatz
25%
Oberösterreich 1.548 St. Aegidi
25%
Niederösterreich 1.299 St. Bernhard-Frauenhofen
25%
Burgenland 2.671 Stegersbach
25%
Niederösterreich 2.266 Steinakirchen am Forst
25%
Burgenland 2.671 Steinbrunn
25%
Niederösterreich 1.361 Stetten
25%
Oberösterreich 4.888 Steyregg
25%
Steiermark 1.622 St. Josef (Weststeiermark)
25%
Salzburg 1.747 St. Koloman
25%
Salzburg 3.521 St. Michael im Lungau
25%
Niederösterreich 1.122 St. Oswald (Bz. Melk)
25%
Tirol 800 Strassen
25%
Burgenland 898 Strem
25%
Oberösterreich 548 St. Thomas (Bz. Grieskirchen)
25%
Salzburg 3.819 St. Veit im Pongau
25%
Oberösterreich 2.712 Sattledt
19%
Oberösterreich 2.438 Schardenberg
19%
Oberösterreich 4.890 Scharnstein
19%
Oberösterreich 2.245 Scharten
19%
Vorarlberg 2.441 Schlins
19%
Tirol 1.483 Schlitters
19%
Vorarlberg 459 Schnepfau
19%
Vorarlberg 794 Schnifis
19%
Niederösterreich 2.123 Schönau an der Triesting
19%
Oberösterreich 1.949 Schönau im Mühlkreis
19%
Niederösterreich 1.863 Schönberg am Kamp
19%
Niederösterreich 1.950 Schönkirchen-Reyersdorf
19%
Vorarlberg 945 Schoppernau
19%
Oberösterreich 3.459 Schörfling am Attersee
19%
Niederösterreich 817 Schrattenberg
19%
Niederösterreich 871 Schrattenthal
19%
Niederösterreich 2.189 Schwadorf
19%
Vorarlberg 3.965 Schwarzach
19%
Niederösterreich 646 Schwarzau im Gebirge
19%
Steiermark 2.302 Schwarzautal
19%
Vorarlberg 1.826 Schwarzenberg
19%
Niederösterreich 3.456 Seitenstetten
19%
Tirol 1.340 Sellrain
19%
Steiermark 1.551 Selzthal
19%
Steiermark 3.305 Semriach
19%
Niederösterreich 3.962 Sierndorf
19%
Niederösterreich 1.628 Sigmundsherberg
19%
Tirol 2.043 Sillian
19%
Niederösterreich 2.151 Sitzendorf an der Schmida
19%
Steiermark 1.437 Söchau
19%
Niederösterreich 3.853 Sonntagberg
19%
Oberösterreich 2.234 Spital am Pyhrn
19%
Steiermark 1.446 Spital am Semmering
19%
Oberösterreich 5.037 Stadl-Paura
19%
Burgenland 1.986 Stadtschlaining
19%
Kärnten 1.552 Stall
19%
Vorarlberg 288 Stallehr
19%
Tirol 1.495 Stams
19%
Salzburg 761 St. Andrä im Lungau
19%
Niederösterreich 7.845 St. Andrä-Wördern
19%
Vorarlberg 701 St. Anton im Montafon
19%
Steiermark 1.438 St. Bartholomä
19%
Niederösterreich 390 St. Corona am Wechsel
19%
Tirol 3.657 Steinach am Brenner
19%
Oberösterreich 2.385 Steinerkirchen an der Traun
19%
Oberösterreich 2.226 Steinhaus
19%
Niederösterreich 1.035 Stetteldorf am Wagram
19%
Oberösterreich 3.183 St. Florian am Inn
19%
Steiermark 1.821 St. Gallen
19%
Oberösterreich 4.177 St. Georgen an der Gusen
19%
Oberösterreich 1.332 St. Georgen bei Grieskirchen
19%
Tirol 287 St. Johann im Walde
19%
Oberösterreich 4.785 St. Marien
19%
Burgenland 1.977 St. Martin an der Raab
19%
Burgenland 834 Stotzing
19%
Oberösterreich 363 St. Pankraz
19%
Oberösterreich 3.154 St. Pantaleon
19%
Oberösterreich 2.430 St. Peter am Hart
19%
Oberösterreich 1.762 St. Peter am Wimberg
19%
Oberösterreich 597 St. Radegund (Bz. Braunau)
19%
Steiermark 5.323 St. Ruprecht an der Raab
19%
Kärnten 1.604 St. Stefan im Gailtal
19%
Oberösterreich 3.022 St. Ulrich bei Steyr
19%
Tirol 1.899 Stumm
19%
Niederösterreich 3.914 St. Veit an der Gölsen
19%
Oberösterreich 407 St. Veit im Innkreis
19%
Oberösterreich 1.094 St. Willibald
19%
Oberösterreich 1.468 Suben
19%
Vorarlberg 1.825 Sulzberg
19%
Kärnten 1.339 Sachsenburg
13%
Vorarlberg 2.738 Satteins
13%
Oberösterreich 1.770 Saxen
13%
Niederösterreich 1.181 Scharndorf
13%
Tirol 1.463 Scheffau am Wilden Kaiser
13%
Oberösterreich 1.587 Schenkenfelden
13%
Oberösterreich 1.218 Schiedlberg
13%
Kärnten 2.667 Schiefling am Wörther See
13%
Tirol 471 Schlaiten
13%
Salzburg 1.075 Schleedorf
13%
Oberösterreich 1.406 Schleißheim
13%
Oberösterreich 2.871 Schlierbach
13%
Oberösterreich 3.050 Schlüßlberg
13%
Niederösterreich 783 Schönbach
13%
Tirol 1.678 Schönwies
13%
Niederösterreich 689 Schottwien
13%
Niederösterreich 371 Schrattenbach
13%
Burgenland 1.365 Schützen am Gebirge
13%
Oberösterreich 996 Schwand im Innkreis
13%
Niederösterreich 2.016 Schwarzau am Steinfeld
13%
Niederösterreich 2.000 Schweiggers
13%
Steiermark 1.283 Seckau
13%
Kärnten 6.456 Seeboden am Millstätter See
13%
Niederösterreich 941 Seefeld-Kadolz
13%
Salzburg 1.933 Seeham
13%
Oberösterreich 778 Senftenbach
13%
Niederösterreich 1.974 Senftenberg
13%
Burgenland 1.174 Sigleß
13%
Oberösterreich 2.025 Sipbachzell
13%
Niederösterreich 2.185 Sitzenberg-Reidling
13%
Steiermark 1.508 Sölk
13%
Niederösterreich 2.001 Sommerein
13%
Oberösterreich 995 Sonnberg im Mühlkreis
13%
Niederösterreich 1.009 Spannberg
13%
Tirol 109 Spiss
13%
Steiermark 1.660 Stadl-Predlitz
13%
Oberösterreich 2.120 St. Agatha
13%
Steiermark 3.108 Stallhofen
13%
Steiermark 1.731 St. Andrä-Höch
13%
Tirol 2.116 Stans
13%
Niederösterreich 1.199 St. Anton an der Jeßnitz
13%
Tirol 465 Stanzach
13%
Tirol 578 Stanz bei Landeck
13%
Steiermark 1.844 Stanz im Mürztal
13%
Niederösterreich 1.400 Statzendorf
13%
Tirol 281 Steinberg am Rofan
13%
Burgenland 1.285 Steinberg-Dörfl
13%
Kärnten 1.624 Steuerberg
13%
Steiermark 1.765 St. Georgen am Kreischberg
13%
Oberösterreich 1.955 St. Georgen am Walde
13%
Steiermark 1.513 St. Georgen an der Stiefing
13%
Oberösterreich 566 St. Georgen bei Obernberg am Inn
13%
Salzburg 2.974 St. Georgen bei Salzburg
13%
Steiermark 843 St. Georgen ob Judenburg
13%
Vorarlberg 421 St. Gerold
13%
Oberösterreich 1.304 St. Gotthard im Mühlkreis
13%
Steiermark 707 Stiwoll
13%
Oberösterreich 2.046 St. Johann am Walde
13%
Oberösterreich 1.016 St. Johann am Wimberg
13%
Steiermark 2.156 St. Johann in der Haide
13%
Oberösterreich 1.128 St. Konrad
13%
Niederösterreich 2.989 St. Leonhard am Forst
13%
Steiermark 1.480 St. Lorenzen am Wechsel
13%
Steiermark 3.610 St. Lorenzen im Mürztal
13%
Steiermark 3.739 St. Marein bei Graz
13%
Steiermark 2.005 St. Marein-Feistritz
13%
Steiermark 2.692 St. Marein im Mürztal
13%
Steiermark 4.100 St. Margarethen an der Raab
13%
Burgenland 2.650 St. Margarethen im Burgenland
13%
Salzburg 712 St. Margarethen im Lungau
13%
Oberösterreich 870 St. Marienkirchen am Hausruck
13%
Oberösterreich 1.893 St. Marienkirchen bei Schärding
13%
Salzburg 1.152 St. Martin bei Lofer
13%
Steiermark 3.056 St. Michael in Obersteiermark
13%
Steiermark 2.278 St. Nikolai im Sausal
13%
Niederösterreich 2.617 St. Pantaleon-Erla
13%
Steiermark 2.920 St. Peter am Ottersbach
13%
Steiermark 1.914 Strallegg
13%
Kärnten 2.036 Straßburg
13%
Oberösterreich 1.492 Straß im Attergau
13%
Steiermark 4.859 Straß in Steiermark
13%
Niederösterreich 2.091 Strengberg
13%
Oberösterreich 1.714 St. Roman
13%
Niederösterreich 1.629 Stronsdorf
13%
Tirol 177 St. Sigmund im Sellrain
13%
Oberösterreich 924 St. Thomas am Blasenstein
13%
Steiermark 2.216 Stubenberg
13%
Salzburg 1.578 Stuhlfelden
13%
Oberösterreich 637 St. Ulrich im Mühlkreis
13%
Tirol 854 Stummerberg
13%
Oberösterreich 1.227 St. Veit im Mühlkreis
13%
Niederösterreich 1.198 Sulz im Weinviertel
13%
Niederösterreich 1.287 Sallingberg
6%
Oberösterreich 1.413 Sandl
6%
Oberösterreich 2.276 Sarleinsbach
6%
Burgenland 752 Schachendorf
6%
Steiermark 1.373 Schäffern
6%
Oberösterreich 3.932 Schalchen
6%
Burgenland 274 Schandorf
6%
Tirol 1.384 Scharnitz
6%
Salzburg 1.383 Scheffau am Tennengebirge
6%
Niederösterreich 1.881 Scheiblingkirchen-Thernberg
6%
Oberösterreich 1.368 Schlatt
6%
Tirol 869 Schmirn
6%
Niederösterreich 994 Schollach
6%
Tirol 1.097 Schönberg im Stubaital
6%
Niederösterreich 968 Schönbühel-Aggsbach
6%
Salzburg 3.505 Schwarzach im Pongau
6%
Niederösterreich 375 Schwarzenbach an der Pielach
6%
Oberösterreich 577 Schwarzenberg am Böhmerwald
6%
Tirol 1.786 Schwendau
6%
Tirol 834 Schwendt
6%
Tirol 2.520 Schwoich
6%
Vorarlberg 412 Sibratsgfäll
6%
Oberösterreich 825 Sigharting
6%
Vorarlberg 849 Silbertal
6%
Steiermark 4.082 Söding-St. Johann
6%
Burgenland 1.386 St. Andrä am Zicksee
6%
Steiermark 2.950 Stattegg
6%
Tirol 667 Steeg
6%
Oberösterreich 1.071 Steegen
6%
Oberösterreich 882 Steinbach am Attersee
6%
Oberösterreich 841 Steinbach am Ziehberg
6%
Oberösterreich 1.993 Steinbach an der Steyr
6%
Vorarlberg 2.226 St. Gallenkirch
6%
Oberösterreich 4.440 St. Georgen am Attergau
6%
Oberösterreich 401 St. Georgen am Fillmannsbach
6%
Kärnten 3.609 St. Georgen am Längsee
6%
Niederösterreich 549 St. Georgen am Reith
6%
Niederösterreich 2.877 St. Georgen am Ybbsfelde
6%
Niederösterreich 1.342 St. Georgen an der Leys
6%
Kärnten 1.965 St. Georgen im Lavanttal
6%
Kärnten 4.235 St. Jakob im Rosental
6%
Steiermark 1.049 St. Jakob im Walde
6%
Tirol 842 St. Jakob in Defereggen
6%
Tirol 783 St. Jakob in Haus
6%
Steiermark 2.003 St. Johann im Saggautal
6%
Steiermark 634 St. Kathrein am Hauenstein
6%
Steiermark 1.078 St. Kathrein am Offenegg
6%
Steiermark 1.807 St. Lambrecht
6%
Niederösterreich 1.106 St. Leonhard am Hornerwald
6%
Tirol 1.394 St. Leonhard im Pitztal
6%
Niederösterreich 1.009 St. Margarethen an der Sierning
6%
Kärnten 1.103 St. Margarethen im Rosental
6%
Oberösterreich 2.337 St. Marienkirchen an der Polsenz
6%
Salzburg 1.662 St. Martin am Tennengebirge
6%
Steiermark 805 St. Martin am Wöllmißberg
6%
Oberösterreich 2.046 St. Martin im Innkreis
6%
Oberösterreich 3.778 St. Martin im Mühlkreis
6%
Steiermark 3.093 St. Martin im Sulmtal
6%
Niederösterreich 1.654 St. Martin-Karlsbach
6%
Burgenland 967 St. Michael im Burgenland
6%
Kärnten 1.605 Stockenboi
6%
Niederösterreich 850 Stössing
6%
Oberösterreich 2.906 St. Oswald bei Freistadt
6%
Oberösterreich 503 St. Oswald bei Haslach
6%
Steiermark 1.263 St. Oswald bei Plankenwarth
6%
Steiermark 2.060 St. Peter am Kammersberg
6%
Steiermark 2.366 St. Peter-Freienstein
6%
Steiermark 1.256 St. Peter im Sulmtal
6%
Steiermark 1.087 St. Peter ob Judenburg
6%
Steiermark 2.150 St. Radegund bei Graz
6%
Steiermark 3.554 Straden
6%
Niederösterreich 762 Straning-Grafenberg
6%
Niederösterreich 1.710 Straß im Straßertale
6%
Tirol 843 Strass im Zillertal
6%
Niederösterreich 836 Stratzing
6%
Tirol 1.207 Strengen
6%
Salzburg 3.639 Strobl
6%
Oberösterreich 1.586 Stroheim
6%
Oberösterreich 1.100 St. Stefan-Afiesl
6%
Steiermark 3.576 St. Stefan ob Stainz
6%
Tirol 1.833 St. Ulrich am Pillersee
6%
Tirol 652 St. Veit in Defereggen
6%
Steiermark 4.085 St. Veit in der Südsteiermark
6%
Tirol 1.620 Sautens
0%
Tirol 450 Schattwald
0%
Oberösterreich 1.215 Schildorn
0%
Steiermark 940 Schöder
0%
Vorarlberg 211 Schröcken
0%
Tirol 2.231 Sistrans
0%
Kärnten 1.974 Sittersdorf
0%
Oberösterreich 1.388 St. Leonhard bei Freistadt
0%
Steiermark 2.703 St. Margarethen bei Knittelfeld
0%
Steiermark 1.908 St. Stefan ob Leoben
0%
Keine übereinstimmenden Quizze gefunden
Verteilung der Resultate
Anzahl Personen mit jedem Resultat
Perzentil nach korrekt beantworteten Fragen
Ihre Resultats-Entwicklung
Sie haben dieses Quiz noch nicht gespielt